Instalación y pruebas sistemas gobernador Woodward amplificador hidráulico

Uloženo v:
Podrobná bibliografie
Hlavní autor: Gómez Méndez, Rafael Angel
Další autoři: Salazar Soto, Guillermo
Médium: Kniha
Vydáno: [San José , Costa Rica] 1983
Tagy: Přidat tag
Žádné tagy, Buďte první, kdo vytvoří štítek k tomuto záznamu!

MARC

LEADER 00000nam a2200000Ia 4500
003 002212
005 20221231144416.0
008 140114s1983 c a m 000 ||s d
040 |c cru CEDI 
090 |a TFG 1391 
100 |a Gómez Méndez, Rafael Angel   |9 15167 
245 |a Instalación y pruebas sistemas gobernador Woodward amplificador hidráulico 
260 |c 1983  |a [San José , Costa Rica] 
300 |a 165 hojas .ilustraciones 
500 |a Proyecto de graduación. IM-0410 (bachiller en ingeniería mecánica)--Universidad de Costa Rica. Facultad de Ingeniería. Escuela de Ingeniería Mecánica. 
700 |9 15168  |a Salazar Soto, Guillermo 
942 |c TFG 
999 |c 21452  |d 21452